The hospitalized child, psychosocial issues : an abstracted bibliography /

Bibliographic Details
Main Author: Akins, Dianna L.
Other Authors: Mace, Gillian S., Akins, Faren R.
Format: Book
Language:English
Published: New York : IFI/Plenum, [1981]
Series:IFI data base library
Subjects:

MARC

Tag First Indicator Second Indicator Subfields
LEADER 00000pam a2200000 a 4500
001 in00000373721
005 20151011085739.0
008 810720s1981 nyu ba 00110 eng
010 |a  81012007  
020 |a 0306651998 
035 |a (OCoLC)07672172 
035 |9 ABQ5329AM 
039 0 |a 2  |b 3  |c 3  |d 3  |e 3 
040 |a DLC  |c DLC  |d TXA  |d UtOrBLW 
049 |a TXAM  |c [1388184] 
050 0 0 |a RJ242  |b  A38 
060 0 |a ZWS 105.5.H7 A315h 
082 0 |a 362.1/9892  |2 19 
100 1 |a Akins, Dianna L. 
245 1 4 |a The hospitalized child, psychosocial issues :  |b an abstracted bibliography /  |c Dianna Lyell Akins, Gillian S. Mace, and Faren R. Akins. 
264 1 |a New York :  |b IFI/Plenum,  |c [1981] 
264 4 |c ©1981 
300 |a vii, 294 pages ;  |c 26 cm. 
336 |a text  |b txt  |2 rdacontent 
337 |a unmediated  |b n  |2 rdamedia 
338 |a volume  |b nc  |2 rdacarrier 
490 0 |a IFI data base library 
500 |a Includes indexes. 
504 |a Bibliography: pages 249-276. 
650 0 |a Children  |x Hospital care  |x Psychological aspects  |x Abstracts. 
650 0 |a Children  |x Hospital care  |x Social aspects  |x Abstracts. 
650 0 |a Sick children  |x Psychology  |x Abstracts. 
650 0 |a Children  |x Hospital care  |x Psychological aspects  |x Bibliography. 
650 2 |a Child, Hospitalized  |x psychology  |x Abstracts. 
700 1 |a Mace, Gillian S. 
700 1 |a Akins, Faren R. 
999 |a MARS 
999 f f |s b08375d4-4d5b-37d9-9177-62544ea54b46  |i f478b0ac-b1bf-355d-905c-1e206252344f  |t 0 
952 f f |p ric  |a Texas A&M University  |b Rellis Campus  |c Joint Library Facility  |d Remote Storage  |t 0  |e RJ242 A38  |h Library of Congress classification  |i unmediated -- volume  |m A14807484503 
998 f f |a RJ242 A38  |t 0  |l Remote Storage